Ils ont vécu sous le règne de Louis XIV - Erreurs Éliminatoires - Statistiques

Statistiques générales
  • Ce quiz a été pris 123 fois
  • Le résultat moyen est 8 sur 20
Answers on the Grid
Answers color-coded by a green-red scale on the quiz's grid according to % correct below.
Isaac Newton
Molière
Jean de La Fontaine
Jules Mazarin
Blaise Pascal
René Descartes
Voltaire
Savinien de Cyrano de Bergerac
Jean Racine
Pierre Corneille
Antonio Vivaldi
Jean-Sébastien Bach
Pierre Ier le Grand
Jean-Baptiste Colbert
Madame de Maintenon
Madame de Sévigné
Madeleine de Scudéry
Evangelista Torricelli
Benjamin Franklin
Sébastien Vauban
Maximilien de Robespierre
Galilée
Léonard de Vinci
Alexandre Dumas
Victor Hugo
Confucius
Cléôpatre VII
Richelieu
Charles Quint
Christophe Colomb
Louis Pasteur
Henry Ford
Antoine Lavoisier
Alphonse de Lamartine
Guillaume le Conquérant
William Shakespeare
Wolfgang Amadeus Mozart
Catherine de Médicis
Emmanuel Kant
Jeanne d'Arc
 
Statistiques - réponses
Réponse % Correct
1622 - 1673 Molière
75%
1621 - 1695 Jean de La Fontaine
63%
1602 - 1661 Jules Mazarin
61%
1635 - 1719 Madame de Maintenon
60%
1619 - 1683 Jean-Baptiste Colbert
59%
1633 - 1707 Sébastien Vauban
57%
1639 - 1699 Jean Racine
55%
1606 - 1684 Pierre Corneille
49%
1626 - 1696 Madame de Sévigné
46%
1694 - 1778 Voltaire
37%
1678 - 1741 Antonio Vivaldi
31%
1642 - 1727 Isaac Newton
31%
1623 - 1662 Blaise Pascal
30%
1685 - 1750 Jean-Sébastien Bach
30%
1596 - 1650 René Descartes
29%
1619 - 1655 Savinien de Cyrano de Bergerac
27%
1607 - 1701 Madeleine de Scudéry
25%
1672 - 1725 Pierre Ier le Grand
22%
1608 - 1647 Evangelista Torricelli
19%
1706 - 1790 Benjamin Franklin
6%
Aucun quiz correspondant
Distribution des résultats
% des personnes avec chaque résultat
Percentile par nombre de réponses
Votre historique - résultats
Vous n’avez pas pris ce quiz